000 00324nam a22001217a 4500
008 180424b xxu||||| |||| 00| 0 eng d
041 _aeng
080 _a043.3
100 _a0
101 _aSHKI-BTH
245 _aZhvillimi i Ueb aplikacionit për menaxhimi e qendrave të karrierës: UBT CAMPUS
_cDakaj,B
942 _2udc
_cBK
999 _c45467
_d45467